000 00971cam a22003017a 4500
003 CHAP
005 20220817043309.0
008 971013s1962 r 00010 d
010 _a71047
011 _a72019
035 _a81573
040 _cCHAP
082 _a330.9438
_bG35
100 0 0 _aGalbraith, John Kenneth.
_944212
245 0 _aViaje a Polonia y Yugoslavia : el desarrollo económico en perspectiva
260 _aBarcelona :
_bAriel,
_c1962
300 _a189 p.
590 _aBATCH-UPD
_b10
_c20130110
_lUCH01
_h0742
590 _aBATCH-UPD
_b10
_c20130410
_lUCH01
_h0423
590 _aBATCH-UPD
_b10
_c20130914
_lUCH01
_h1151
590 _aCONVERSION
_b10
_c20130109
_lUCH01
_h1339
650 1 4 _aDesarrollo económico.
650 1 4 _aPolonia
_xCondiciones económicas.
_990725
650 1 4 _aYugoslavia
_xCondiciones económicas.
_9123344
901 _aBK
942 _cLIBRO
949 _a330.9438 G35
_bBC
_cLIBRO
_d33724000319265
_eLIBRO
_h2475
_i81573
_mD
_si
_t30.00
999 _c71047
_d71047